Elenca la formazione - Quiz n°244 - Statistics

Statistiche generali
  • Questo quiz è stato fatto 96 volte
  • Il punteggio medio è 7 su 11
Statistiche sulle risposte
Ruolo Club dell'epoca Calciatore % Corretto
Portiere Juventus Gianluigi Buffon
100%
Difensore Milan Alessandro Nesta
88%
Trequartista Juventus Alessandro Del Piero
82%
Centrocampista Mlan Andrea Pirlo
80%
Difensore Inter Marco Materazzi
73%
Centrocampista ChievoVerona Simone Perrotta
52%
Difensore Juventus Gianluca Zambrotta
51%
Trequartista Roma Antonio Cassano
45%
Difensore Roma Christian Panucci
38%
Centrocampista Lazio Stefano Fiore
27%
Attaccante Lazio Bernardo Corradi
15%
Nessun quiz corrispondente trovato
Distribuzione punteggi
Percentuale di utenti per punteggio
Percentile per numero di risposta
I tuoi punteggi nel tempo
Non hai fatto questo quiz